000 00702nam a2200289Ia 4500
005 20260324134409.0
008 008 260324s9999 xx 000 0 eng d
020 _a9781315023519
037 _aEBOOK
040 _aCRL
040 _beng
040 _cCRL
041 _2eng
041 _aeng
084 _qCRL
100 _aStephen A. Resnick; Richard D. Wolff
_91196659
245 0 _aClass Theory and History
245 0 _bCapitalism and Communism in the USSR
260 _bTaylor and Francis
260 _c2002
365 _a
365 _b255
856 _uhttp://www.taylorfrancis.com/books/9781315023519
942 _cEBOOK
999 _c1796723
_d1796723